Statistics for Mystery Taylor Swift Song #57

Click here to take the quiz!

General Stats

  • This quiz has been taken 167 times
  • The average score is 85 of 167

Answer Stats

Song% Correct
Evermore
90%
I
89%
you
85%
you?
85%
a
83%
go?"
83%
go
83%
the
83%
"Where
83%
an
80%
in
80%
is
80%
me?
80%
me
80%
to?
80%
to
80%
be
79%
Do
79%
on
79%
And
77%
who
77%
I'm
76%
it
76%
my
76%
your
75%
Did
74%
we
74%
When
74%
no
72%
Then
72%
so
71%
you're
71%
baby
69%
Coney
69%
for
69%
Island
69%
that
69%
this
67%
If
65%
were
65%
of
64%
But
63%
was
63%
am
62%
bench
62%
not
61%
coney island
60%
get
60%
Will
60%
with
60%
can't
59%
like
59%
there?
59%
too
59%
single
58%
sitting
58%
Wondering
58%
at
57%
say
57%
down
55%
goes
54%
our
54%
one
53%
right
53%
by
52%
Over
52%
every
51%
close
50%
day?
50%
eyes
50%
gold
50%
here
50%
Lost
50%
making
50%
Sorry
50%
sun
50%
think
50%
before
48%
colder
48%
leave
48%
merry
48%
up
48%
again
47%
'Cause
47%
gets
47%
old
47%
surprises
47%
centerfold
46%
got
46%
left
46%
lights
46%
relate
45%
related
45%
soon?
45%
name
44%
something
44%
around
43%
bright
43%
face
43%
shatter
43%
times
43%
fast
42%
long
42%
delicate?
41%
into
41%
two
41%
birthday
40%
forgot
40%
Happy
40%
waiting
40%
big
39%
head
39%
internet
39%
place
39%
polite
39%
ring
39%
soul
39%
spot
39%
cake?
38%
care?
38%
fist
38%
How'd
38%
miss
38%
anymore
37%
arcade
37%
hallway
37%
looking
37%
mall
37%
standing
37%
Break
36%
What's
36%
bluest
35%
darkest
35%
Disappointments
35%
edge
35%
gray?
35%
hanging
35%
paint
35%
pushed
35%
skies
35%
winning
35%
lifetime
34%
accident
33%
achievement
33%
flashed
33%
line
33%
pounds
33%
question
33%
sight
33%
tree
33%
dreams
32%
haul
32%
clock?
31%
forgive
31%
podium
31%
suburban
31%
universe
31%
walked
31%
away
29%
gift
29%
paradise
29%
wrapped
29%
mischief
28%
trust
28%
wise
28%
coaxed
26%
rogue
24%

Score Distribution

Percentile by Number Answered

Percent of People with Each Score

Your Score History

You have not taken this quiz